| 000 | 00471 a2200193 4500 | ||
|---|---|---|---|
| 001 | 138363 | ||
| 020 | _a9788574067537 | ||
| 040 | _cLeonardo Da Vinci | ||
| 041 | _aPortuguês | ||
| 082 |
_a028.5 S587a _bS587a |
||
| 100 | _aSILVESTEIN, Shel | ||
| 245 | _aA árvore generosa | ||
| 260 |
_bCompanhia das Letrinhas _c2020 _aSão Paulo |
||
| 300 | _a[62] p | ||
| 362 | _a20200000 | ||
| 500 | _aBiblioteca Alphaville 2 | ||
| 697 | _aLiteratura infantil | ||
| 942 | _cBK | ||
| 999 |
_c138363 _d138363 |
||